| 000 | 01102nam a22003137a 4500 | ||
|---|---|---|---|
| 003 | CHAP | ||
| 005 | 20220817042353.0 | ||
| 008 | 971013s1992 r 00010 d | ||
| 010 | _a42526 | ||
| 011 | _a43498 | ||
| 035 | _a47634 | ||
| 040 | _cCHAP | ||
| 082 |
_a719.32 _bW6 |
||
| 110 |
_aWorld Conservation Monitoring Centre _9122707 |
||
| 245 | 1 |
_aProtected areas of the world _b: a review of national systems |
|
| 260 |
_aGland, Switzerland : _bInternational Union for Conservation of Nature and Natural Resources, _c1992- |
||
| 300 | _av. | ||
| 500 | _aLa biblioteca tiene : v.4 Nearctic and Neotropical | ||
| 590 |
_aBATCH-UPD _b10 _c20130110 _lUCH01 _h0919 |
||
| 590 |
_aBATCH-UPD _b10 _c20130410 _lUCH01 _h0542 |
||
| 590 |
_aBATCH-UPD _b10 _c20130914 _lUCH01 _h1846 |
||
| 590 |
_aCONVERSION _b10 _c20130109 _lUCH01 _h1323 |
||
| 650 | 1 | 4 |
_aÁreas protegidas. _982451 |
| 650 | 1 | 4 |
_aParques nacionales _xDirectorios. _985706 |
| 650 | 1 | 4 |
_aRecursos naturales _xConservación. |
| 901 | _aBK | ||
| 942 | _cLIBRO | ||
| 949 |
_a719.32 W6 _bBC _cC _d33724000120333 _eC _fv.4 _gI.174691 _h89032 _i47634 _si _t206.43 |
||
| 999 |
_c42526 _d42526 |
||